| 000 | 00627nam a2200229 a 4500 | ||
|---|---|---|---|
| 001 | 51418 | ||
| 003 | BD-RjUL | ||
| 005 | 20211209075645.0 | ||
| 008 | 160831s1953 enk 001 0 eng | ||
| 035 | _a(BD-RjUL)51538 | ||
| 040 |
_aDLC _cOAU _dUk _dBD-RjUL _beng |
||
| 041 | _aeng | ||
| 082 |
_a155.4 _223 _bBAP 1953 |
||
| 100 | 1 | 0 |
_aBálint, Alice. _9153810 |
| 245 | 1 | 4 |
_aThe psycho-analysis of the nursery / _cAlice, Bálint |
| 260 |
_aLondon : _bRoutledge & Paul, _c1953 |
||
| 300 |
_avii, 149 p. ; _c23 cm. |
||
| 500 | _aInclude index | ||
| 650 | 0 |
_aChild psychology. _9124587 |
|
| 942 |
_2ddc _cBK |
||
| 999 |
_c51418 _d51418 |
||